[Event "WYCC 2018 O18"]
[Site "Halkidiki"]
[Date "2018.10.29"]
[Round "10"]
[White "Kouskoutis, Georgios-Alexandros"]
[Black "Torres Cueto, Jesus Marcial"]
[Result "1-0"]
[WhiteElo "2296"]
[BlackElo "2078"]
[Annotator "NA"]
[PlyCount "155"]
[EventDate "2018.10.20"]
[EventType "swiss"]
[EventCountry "GRE"]
[SourceTitle "playchess.com"]
[Source "ChessBase"]
[SourceQuality "1"]
[TimeControl "40/5400+30:1800+30"]

1. c4 {[%emt 0:00:00]} e5 {[%emt 0:00:15]} 2. g3 {[%emt 0:00:00]} Nf6 {[%emt 0:00:05]} 3. Bg2 {[%emt 0:00:00]} d5 {[%emt 0:00:26]} 4. cxd5 {[%emt 0:00:07]} Nxd5 {[%emt 0:00:06]} 5. Nc3 {[%emt 0:00:27]} Nb6 {[%emt 0:00:06]} 6. Nf3 {[%emt 0:00:04]} Nc6 {[%emt 0:00:06]} 7. O-O {[%emt 0:00:06]} Be7 {[%emt 0:00:13]} 8. d3 {[%emt 0:00:19]} O-O {[%emt 0:00:09]} 9. a3 {[%emt 0:00:33]} Re8 {[%emt 0:00:09]} 10. b4 {[%emt 0:00:59]} Bf8 {[%emt 0:00:11]} 11. Bb2 {[%emt 0:04:07]} a5 {[%emt 0:03:23]} 12. b5 {[%emt 0:03:36]} Nd4 {[%emt 0:00:10]} 13. Nd2 {[%emt 0:02:12]} a4 {[%emt 0:02:55]} 14. e3 {[%emt 0:20:37] A29: Englische Eröffnung (Vierspringer-Variante)} (14. Nc4 Nxc4 15. dxc4 Nb3 16. Qxd8 Rxd8 17. Rad1 Rd2 18. Rb1 Bf5 19. Bxb7 Ra7 20. Be4 Bxe4 21. Nxe4 Rxe2 {½-½ (35) Movsesian,S (2705)-Navara,D (2702) Prague 2011}) 14... Ne6 {[%emt 0:00:40]} 15. Nc4 {[%emt 0:03:58] LiveBook: 11 Games} Nc5 {[%emt 0:02:27]} 16. Nxe5 {[%emt 0:18:43]} Nb3 {[%emt 0:01:37] [#]} 17. Nxa4 $1 {[%emt 0:03:44]} ({Don't go for} 17. Qh5 $2 g6 $19) 17... Nxa1 {[%emt 0:03:05]} 18. Nxb6 {[%emt 0:00:06]} cxb6 {[%emt 0:00:17]} 19. Qxa1 {[%emt 0:01:29]} f6 {[%emt 0:02:16]} 20. Nc4 {[%emt 0:01:55]} Qxd3 $146 {[%emt 0:07:21]} ({Vorgänger:} 20... Bc5 21. d4 Bb4 {1-0 (37) Wrba,K-Schnabel,M ICCF corr 1991}) 21. Rd1 {[%emt 0:09:02]} Qf5 {[%emt 0:03:00]} 22. Nxb6 $16 {[%emt 0:01:47]} Rb8 {[%emt 0:00:12]} 23. a4 {[%emt 0:03:19]} Be6 {[%emt 0:00:48]} 24. Bd4 {[%emt 0:01:25]} Red8 {[%emt 0:00:58]} 25. Rc1 {[%emt 0:04:11]} h5 {[%emt 0:04:44]} 26. Qb2 {[%emt 0:10:37]} h4 {[%emt 0:01:11]} 27. a5 {[%emt 0:01:44]} h3 {[%emt 0:00:25]} 28. Bh1 {[%emt 0:00:19]} Qd3 {[%emt 0:00:13]} 29. Qb1 {[%emt 0:02:22]} Qe2 {[%emt 0:25:27]} 30. Re1 {[%emt 0:02:29]} Qd2 {[%emt 0:00:34]} 31. Qa1 {[%emt 0:01:14]} Bb4 {[%emt 0:02:07]} 32. Rd1 {[%emt 0:00:47]} Qe2 {[%emt 0:00:05]} 33. Rb1 {[%emt 0:01:17]} Qxb5 {[%emt 0:08:21]} 34. Qb2 {[%emt 0:00:24]} Rdc8 {[%emt 0:00:28]} 35. Nxc8 {[%emt 0:00:58]} Rxc8 {[%emt 0:00:05]} 36. Bc3 {[%emt 0:01:34]} Qf5 {[%emt 0:03:01]} 37. e4 {[%emt 0:01:11]} Bxc3 {[%emt 0:01:24]} 38. exf5 {[%emt 0:00:06]} Bxb2 {[%emt 0:00:07]} 39. fxe6 {[%emt 0:00:03]} Rc5 {[%emt 0:03:22]} 40. Bxb7 {[%emt 0:00:00]} Rxa5 {[%emt 0:00:00]} 41. Bg2 {[%emt 0:03:42]} Ra1 {[%emt 0:06:56]} 42. Rxa1 {[%emt 0:00:05]} Bxa1 {[%emt 0:00:01]} 43. Bxh3 {[%emt 0:00:08]} g6 {[%emt 0:00:25]} 44. Bf1 {[%emt 0:05:22]} Kf8 {[%emt 0:00:14]} 45. Bd3 {[%emt 0:18:09]} Ke7 {[%emt 0:00:50]} 46. Bxg6 {[%emt 0:02:26]} Kxe6 {[%emt 0:00:06]} 47. Kg2 {[%emt 0:00:04]} Ke7 {[%emt 0:00:05]} 48. f4 {[%emt 0:02:52]} Kf8 {[%emt 0:00:06]} 49. Kf3 {[%emt 0:00:03]} Kg7 {[%emt 0:00:03]} 50. Bd3 {[%emt 0:00:53]} Bb2 {[%emt 0:00:06]} 51. Ke4 {[%emt 0:02:03]} Bc3 {[%emt 0:00:33]} 52. Kf3 {[%emt 0:00:35]} Bb2 {[%emt 0:00:04]} 53. h4 Bc3 {[%emt 0:00:07]} 54. Ke2 {[%emt 0:01:25]} Bb2 {[%emt 0:00:04]} 55. g4 {[%emt 0:00:06]} Bc1 {[%emt 0:01:38]} 56. Kf3 {[%emt 0:00:06]} Bd2 {[%emt 0:00:56]} 57. g5 {[%emt 0:00:19]} fxg5 {[%emt 0:00:51]} 58. hxg5 {[%emt 0:00:05]} Bc1 {[%emt 0:00:05]} 59. Kg4 {[%emt 0:00:14]} Bd2 {[%emt 0:00:04]} 60. f5 {[%emt 0:02:38]} Bc3 {[%emt 0:00:05]} 61. Be2 {[%emt 0:00:31]} Bb2 {[%emt 0:00:18]} 62. Kh4 {[%emt 0:00:23]} Bc3 {[%emt 0:00:20]} 63. Bh5 {[%emt 0:00:05]} Bb2 {[%emt 0:01:04]} 64. Kg4 {[%emt 0:00:04]} Bc3 {[%emt 0:02:25]} 65. Kf3 {[%emt 0:00:06]} Bb2 {[%emt 0:01:18]} 66. Ke4 {[%emt 0:00:12]} Bc3 {[%emt 0:00:20]} 67. Kd5 {[%emt 0:00:44]} Bd2 {[%emt 0:05:29]} 68. f6+ {[%emt 0:00:09]} Kg8 {[%emt 0:01:27]} 69. g6 {[%emt 0:00:05]} Bh6 {[%emt 0:01:02]} 70. Ke6 {[%emt 0:00:07]} Bf8 {[%emt 0:00:42]} 71. Be2 {[%emt 0:00:51]} Bh6 {[%emt 0:00:15]} 72. Bc4 {[%emt 0:00:34]} Bf8 {[%emt 0:01:09]} 73. Kd7+ {[%emt 0:00:20]} Kh8 {[%emt 0:00:05]} 74. Ke8 {[%emt 0:00:16]} Bg7 {[%emt 0:00:46]} 75. fxg7+ {[%emt 0:00:07]} Kxg7 {[%emt 0:00:02]} 76. Bd3 {[%emt 0:00:08]} Kh8 {[%emt 0:00:12]} 77. Ke7 {[%emt 0:00:04]} Kg7 {[%emt 0:00:08]} 78. Ke6 {[%emt 0:00:03]} 1-0

[Event "WYCC 2018 O18"]
[Site "Halkidiki"]
[Date "2018.10.29"]
[Round "10"]
[White "Kandil, Adham"]
[Black "Miciano, John Marvin"]
[Result "1/2-1/2"]
[WhiteElo "2292"]
[BlackElo "2361"]
[Annotator "NA"]
[PlyCount "103"]
[EventDate "2018.10.20"]
[EventType "swiss"]
[EventCountry "GRE"]
[SourceTitle "playchess.com"]
[Source "ChessBase"]
[SourceQuality "1"]
[TimeControl "40/5400+30:1800+30"]

1. e4 {[%emt 0:00:00]} c6 {[%emt 0:00:00]} 2. d4 {[%emt 0:00:00]} d5 {[%emt 0:00:00]} 3. exd5 {[%emt 0:00:00]} cxd5 {[%emt 0:00:03]} 4. c4 {[%emt 0:00:15]} Nf6 {[%emt 0:00:08]} 5. Nc3 {[%emt 0:00:19]} Nc6 {[%emt 0:00:11]} 6. Bg5 {[%emt 0:00:11]} Ne4 {[%emt 0:02:38]} 7. Nxe4 {[%emt 0:02:55] B13: Caro-Kann: Exchange Variation and Panov-Botvinnik Attack} dxe4 {[%emt 0:00:08]} 8. d5 {[%emt 0:01:34]} Ne5 {[%emt 0:00:07]} 9. Qd4 {[%emt 0:03:09]} f6 {[%emt 0:00:07]} 10. Bf4 {[%emt 0:01:44]} Ng4 {[%emt 0:00:08]} 11. Bd2 {[%emt 0:06:02]} e5 {[%emt 0:01:40]} 12. Qxe4 {[%emt 0:02:06]} Qb6 {[%emt 0:02:03]} 13. Nh3 {[%emt 0:01:04]} Bc5 {[%emt 0:01:58]} 14. O-O-O {[%emt 0:06:28] [#]} O-O $146 {[%emt 0:01:57]} ({Predecessor:} 14... Bxf2) 15. Be2 {[%emt 0:05:52]} Nxf2 {[%emt 0:05:58]} 16. Nxf2 {[%emt 0:00:07]} Bxf2 {[%emt 0:00:08]} 17. Bc3 {[%emt 0:01:47]} Bd7 {[%emt 0:00:40]} 18. Bd3 {[%emt 0:02:49]} g6 {[%emt 0:00:35]} 19. Kb1 {[%emt 0:01:39]} Rae8 {[%emt 0:01:39]} 20. Qe2 {[%emt 0:02:05]} Bd4 {[%emt 0:05:12]} 21. Bxd4 {[%emt 0:00:30]} exd4 {[%emt 0:00:13]} 22. Qc2 {[%emt 0:00:14]} Kg7 {[%emt 0:02:14]} (22... Qc5 $11) 23. c5 {[%emt 0:03:57]} Qa5 {[%emt 0:06:52]} 24. Qc4 {[%emt 0:01:33]} Bg4 {[%emt 0:07:55]} 25. Rc1 {[%emt 0:02:33]} Re3 {[%emt 0:02:08] [#]} 26. Qxd4 $2 {[%emt 0:00:32]} (26. h3 $1 $16 {[%cal Rh3g4]} Bd7 27. Rhd1 (27. Qxd4 $2 Rxd3 28. Qxd3 Bf5 $19)) 26... Rxd3 {[%emt 0:00:08]} 27. Qxg4 {[%emt 0:00:03]} (27. Qxd3 $2 {is the wrong capture.} Bf5 $19) 27... Rxd5 {[%emt 0:00:06]} 28. Qc4 {[%emt 0:08:41]} Re5 {[%emt 0:03:32]} 29. Rhd1 {[%emt 0:01:56]} Rf7 {[%emt 0:01:20]} 30. Rd6 {[%emt 0:04:03]} Qc7 {[%emt 0:00:50]} 31. Qd4 {[%emt 0:00:44]} Qe7 {[%emt 0:00:55]} 32. a3 {[%emt 0:00:19]} Re4 {[%emt 0:03:19]} 33. Qd5 {[%emt 0:00:24]} Qe5 {[%emt 0:05:00]} 34. g3 {[%emt 0:01:16]} h5 {[%emt 0:01:50]} 35. Rc2 {[%emt 0:04:09]} Qxd5 {[%emt 0:00:36]} 36. Rxd5 {[%emt 0:00:04]} h4 {[%emt 0:00:08]} 37. Rd3 {[%emt 0:00:59]} f5 {[%emt 0:01:30]} 38. b4 {[%emt 0:00:52]} h3 {[%emt 0:08:05]} 39. b5 {[%emt 0:02:52]} Kh6 {[%emt 0:00:58]} 40. Kc1 $11 {[%emt 0:00:00]} Kh5 {[%emt 0:00:00]} 41. c6 {[%emt 0:03:36]} bxc6 {[%emt 0:03:36]} 42. bxc6 {[%emt 0:00:03]} Ree7 {[%emt 0:00:08]} 43. Rd8 {[%emt 0:00:24]} g5 {[%emt 0:00:56]} 44. Rc8 {[%emt 0:02:22]} Kg4 {[%emt 0:01:33]} 45. Rc3 {[%emt 0:00:38]} Re1+ {[%emt 0:26:41]} 46. Kd2 {[%emt 0:03:38]} Rh1 {[%emt 0:00:43]} 47. Rc4+ {[%emt 0:00:04]} Kf3 {[%emt 0:00:23]} 48. Rc3+ {[%emt 0:00:06]} Kg4 {[%emt 0:02:38]} 49. Rc4+ {[%emt 0:00:19]} Kf3 {[%emt 0:13:39]} 50. Rc3+ {[%emt 0:00:22]} Kg4 {[%emt 0:06:41]} 51. Rc4+ {[%emt 0:00:25]} Kf3 {[%emt 0:01:43]} 52. Rc3+ {[%emt 0:00:47]} 1/2-1/2

[Event "WYCC 2018 O18"]
[Site "Halkidiki"]
[Date "2018.10.29"]
[Round "10"]
[White "Lazov, Toni"]
[Black "Janik, Igor"]
[Result "0-1"]
[WhiteElo "2292"]
[BlackElo "2453"]
[Annotator "TA"]
[PlyCount "108"]
[EventDate "2018.10.20"]
[EventType "swiss"]
[EventCountry "GRE"]
[SourceTitle "playchess.com"]
[Source "ChessBase"]
[SourceQuality "1"]

{[%evp 17,108,9,11,0,57,0,34,32,69,66,71,57,54,61,64,52,50,-52,-1,-84,-74,-86,-86,-125,-111,-115,-124,-131,-105,-115,-29,-37,-35,-35,-35,-35,-34,-35,-35,-39,-24,-85,-85,-85,-85,-79,-85,-85,-85,-80,0,-71,0,0,0,0,0,0,0,0,0,-29962,-29963,-29961,-29968,-29969,-29969,-29971,-29972,-29972,-29973,-29972,-29974,-29974,-29975,-29975,-29976,-29976,-29977,-29977,-29978,-29978,-29979,-29979,-29980,-29980,-29980,-29980,-29981,-29981,-29982,-29982,-29983]} 1. e4 c6 2. d4 d5 3. e5 c5 4. dxc5 e6 5. a3 (5. Nf3 Bxc5 6. a3 Nd7 7. Bd3 f6 8. b4 Be7 9. Bb2 fxe5 10. Nxe5 Nxe5 11. Bxe5 Bf6 12. O-O Nh6 13. Bxf6 Qxf6 {1-0 (70) Jakovenko,D (2735)-Fedoseev,V (2706) Poikovsky 2018}) 5... Bxc5 6. b4 {B12: Caro-Kann: Advance Variation} Bb6 7. Qg4 Ne7 8. Nf3 Ng6 9. Bd3 Nc6 {LiveBook: 5 Games} 10. O-O f5 $146 (10... h5 $11 11. Qg3 Nd4) ({Predecessor:} 10... O-O 11. Bb2 d4 12. Re1 f5 13. exf6 Qxf6 14. Bxg6 hxg6 15. Nbd2 e5 16. Qg3 Bf5 17. Ne4 Bxe4 18. Rxe4 Rae8 {½-½ (18) Tidmarsh,D (1821)-Tunstall,M (2030) Llandudno 2017}) 11. Qh5 ({Better is} 11. Qg3 $14) 11... Qc7 12. Bb2 Nce7 13. Nc3 O-O 14. Nb5 ({Much weaker is} 14. Ng5 h6 $15) 14... Qd7 15. Qg5 (15. Ng5 h6 $15) 15... Nc6 16. h4 a6 17. Nd6 (17. h5 $1 $14) 17... d4 (17... Bd8 $15 18. Qg3 Ncxe5 19. Bxe5 (19. Nxe5 Qxd6 20. Nxg6 Qxg3 $15) 19... Nxe5 20. Qxe5 Bc7) 18. Nxc8 (18. Rfe1 $11 {keeps the balance.}) 18... Raxc8 $17 19. Rfe1 Qd5 {[%cal Rc6e5]} 20. Re2 Ngxe5 21. Nxe5 Nxe5 22. Rae1 Nxd3 23. cxd3 Rfe8 (23... Rce8 $17 24. f4 Bd8) 24. g4 $1 $11 Bd8 25. Qf4 fxg4 ({Reject} 25... Bxh4 $6 26. g5 $16) 26. Qxg4 Bf6 27. Rxe6 Rxe6 28. Rxe6 h5 29. Rd6 (29. Qe4 $11 {remains equal.} Qd7 30. Qe2) 29... hxg4 $17 30. Rxd5 {[%mdl 4096] Endgame [#] KRB-KRB} Kf7 $1 31. Bxd4 Ke6 32. Rc5 Rxc5 33. Bxc5 {KB-KB} b5 (33... Bxh4 $17 34. Bf8 Bf6) 34. Kg2 (34. h5 $11) 34... Bb2 (34... Bxh4 $17 35. Bd4 Bg5) 35. f3 gxf3+ 36. Kxf3 Bxa3 {...g6 is the strong threat.} 37. d4 Kd5 38. h5 $1 {[#]} a5 $1 {[%mdl 512]} 39. bxa5 $2 {[%mdl 8192]} (39. Bf8 $11) 39... Bxc5 {Black mates.} 40. dxc5 Kxc5 $11 {KPP-KPP} 41. Ke4 b4 42. a6 Kb6 43. a7 Kxa7 {KPP-KP} 44. Kd4 Kb6 45. Kc4 Ka5 46. Kb3 Kb5 47. Kb2 Kc4 48. Kc2 Kd4 49. Kb3 Ke4 50. Kxb4 Kf4 51. Kc3 Kg5 52. h6 Kxh6 53. Kd3 Kg5 54. Ke3 Kg4 {Precision: White = 50%, Black = 69%.} 0-1

[Event "WYCC 2018 O18"]
[Site "Halkidiki"]
[Date "2018.10.29"]
[Round "10"]
[White "Le, Minh Hoang"]
[Black "Rovira Vila, Jaume"]
[Result "1-0"]
[WhiteElo "2271"]
[BlackElo "2156"]
[Annotator "NA"]
[PlyCount "33"]
[EventDate "2018.10.20"]
[EventType "swiss"]
[EventCountry "GRE"]
[SourceTitle "playchess.com"]
[Source "ChessBase"]
[SourceQuality "1"]
[TimeControl "40/5400+30:1800+30"]

1. Nf3 {[%emt 0:00:00]} c5 {[%emt 0:00:00]} 2. c4 {[%emt 0:01:03]} Nc6 {[%emt 0:00:00]} 3. Nc3 {[%emt 0:00:06]} g6 {[%emt 0:00:14]} 4. e3 {[%emt 0:00:16]} Nf6 {[%emt 0:04:07]} 5. d4 {[%emt 0:00:08]} cxd4 {[%emt 0:00:16]} 6. exd4 {[%emt 0:00:08]} d5 {[%emt 0:00:53]} 7. Bg5 {[%emt 0:13:03] LiveBook: 153 Games} Ne4 {[%emt 0:00:42]} 8. cxd5 {[%emt 0:06:39]} Nxc3 {[%emt 0:01:58]} 9. bxc3 {[%emt 0:00:08]} Qxd5 {[%emt 0:01:01]} 10. Qb3 {[%emt 0:00:10]} Qe4+ {[%emt 0:10:32] A35: Symmetrical English: 2 Nc3 Nc6 3 Nf3} (10... Qxb3 11. axb3 Bg7 12. Bb5 Bd7 13. O-O e6 14. Nd2 f6 15. Bf4 Ne7 16. Bxd7+ Kxd7 17. Ne4 b6 18. Ra6 f5 19. Ng5 Nd5 20. Bd2 {1-0 (43) Slipak,S (2436)-Alonso,S (2501) Buenos Aires 2015}) 11. Be3 {[%emt 0:00:05]} Bg7 {[%emt 0:17:47]} 12. Qxf7+ {[%emt 0:00:28]} Kxf7 {[%emt 0:00:10]} 13. Ng5+ {[%emt 0:00:03]} Ke8 {[%emt 0:00:49]} 14. Nxe4 {[%emt 0:00:04]} e5 $146 {[%emt 0:00:59]} (14... Bf5 $16) ({Predecessor:} 14... Bd7 15. h4 b6 16. h5 {1-0 (16) Contin,D (2321)-Celestino,G (2141) Mar del Plata 2009}) 15. d5 {[%emt 0:01:53]} Ne7 {[%emt 0:00:33]} 16. Bb5+ {[%emt 0:00:33]} Kf8 {[%emt 0:04:30]} 17. Bc5 $18 {[%emt 0:03:25] Ke8} 1-0

[Event "WYCC 2018 O18"]
[Site "Halkidiki"]
[Date "2018.10.29"]
[Round "10"]
[White "Beukema, Jasper"]
[Black "Ranaldi, Lucas"]
[Result "1-0"]
[WhiteElo "2256"]
[BlackElo "2335"]
[Annotator "NA"]
[PlyCount "117"]
[EventDate "2018.10.20"]
[EventType "swiss"]
[EventCountry "GRE"]
[SourceTitle "playchess.com"]
[Source "ChessBase"]
[SourceQuality "1"]
[TimeControl "40/5400+30:1800+30"]

1. d4 {[%emt 0:00:00]} Nf6 {[%emt 0:00:00]} 2. c4 {[%emt 0:00:00]} e6 {[%emt 0:00:00]} 3. Nf3 {[%emt 0:00:33]} b6 {[%emt 0:00:06]} 4. g3 {[%emt 0:00:31]} Bb7 {[%emt 0:00:16]} 5. Bg2 {[%emt 0:00:12]} Be7 {[%emt 0:00:05]} 6. O-O {[%emt 0:00:14]} O-O {[%emt 0:00:05]} 7. Nc3 {[%emt 0:00:19]} Ne4 {[%emt 0:00:06]} 8. Qc2 {[%emt 0:01:39]} Nxc3 {[%emt 0:02:54]} 9. Qxc3 {[%emt 0:04:42]} f5 {[%emt 0:00:20]} 10. b4 {[%emt 0:15:09]} Bf6 {[%emt 0:21:33] E19: Queen's Indian: Old Main Line with 7...Ne4 8 Qc2 Nxc3 8 Qxc3} (10... a5 11. b5 Bf6 12. Qe3 Qe7 13. Ba3 d6 14. Rac1 Nd7 15. c5 bxc5 16. dxc5 Bd5 17. cxd6 cxd6 18. Rc7 {1-0 (69) Ivanov,M (2489)-Olivier,J (2358) Chambery 2008}) 11. c5 {[%emt 0:04:52]} Bd5 $146 {[%emt 0:09:59]} ({Predecessor:} 11... Qc8 12. Bf4 Nc6 13. cxb6 cxb6 14. Qd2 Nxd4 15. Rac1 Qe8 16. Nxd4 Bxg2 17. Kxg2 e5 18. Nxf5 exf4 {1-0 (34) Heinlein,R (2171)-Dallmann,V Baunatal 2000}) 12. Bf4 {[%emt 0:19:40]} bxc5 {[%emt 0:15:15]} 13. Qxc5 {[%emt 0:02:37]} d6 {[%emt 0:01:19]} 14. Qc3 {[%emt 0:06:03]} a5 {[%emt 0:04:15]} 15. b5 {[%emt 0:02:17]} c5 {[%emt 0:02:04]} 16. Rac1 {[%emt 0:07:59]} Kh8 {[%emt 0:18:20]} 17. Qa3 {[%emt 0:03:39]} g5 {[%emt 0:01:12]} 18. Bxd6 {[%emt 0:10:56]} Qxd6 {[%emt 0:00:25]} 19. dxc5 {[%emt 0:00:15]} Qe7 {[%emt 0:00:45]} 20. Qe3 {[%emt 0:01:47]} f4 {[%emt 0:07:17]} 21. Qd2 {[%emt 0:00:59]} Nd7 {[%emt 0:03:17]} 22. c6 {[%emt 0:01:17]} Nb6 {[%emt 0:01:01]} 23. Rfd1 {[%emt 0:03:05]} e5 {[%emt 0:07:57]} 24. Qc2 {[%emt 0:02:06]} e4 {[%emt 0:00:28]} 25. Nd4 {[%emt 0:03:05]} e3 {[%emt 0:00:36]} 26. f3 {[%emt 0:00:21]} fxg3 {[%emt 0:02:03]} 27. Nf5 {[%emt 0:05:18]} gxh2+ {[%emt 0:00:17]} 28. Kh1 {[%emt 0:00:04]} Qe5 {[%emt 0:00:37]} 29. Qc5 {[%emt 0:00:20]} Qxf5 {[%emt 0:00:37]} 30. Qxb6 {[%emt 0:00:08]} g4 {[%emt 0:01:14]} 31. Qc5 {[%emt 0:00:05]} gxf3 {[%emt 0:00:07]} 32. exf3 {[%emt 0:00:26]} Be6 {[%emt 0:00:53]} 33. Qxe3 {[%emt 0:02:22]} Rg8 {[%emt 0:00:01]} 34. Qe4 {[%emt 0:02:56]} Qg5 {[%emt 0:01:00]} 35. f4 {[%emt 0:00:06]} Qg4 {[%emt 0:00:23]} 36. f5 {[%emt 0:00:17]} Bxf5 {[%emt 0:00:32]} 37. Qxg4 {[%emt 0:00:12]} Rxg4 {[%emt 0:00:30]} 38. c7 {[%emt 0:01:43]} Rag8 {[%emt 0:00:11]} 39. Bd5 {[%emt 0:00:23]} Bd4 {[%emt 0:00:59]} 40. Bxg8 {[%emt 0:00:00]} Be4+ {[%emt 0:00:00]} 41. Kxh2 {[%emt 0:00:57]} Be5+ {[%emt 0:03:46]} 42. Kh3 {[%emt 0:00:08]} Rxg8 {[%emt 0:11:04]} 43. Rg1 {[%emt 0:09:14]} Bf5+ {[%emt 0:00:56]} 44. Kh4 {[%emt 0:00:05]} Rxg1 {[%emt 0:03:14]} 45. Rxg1 {[%emt 0:00:01]} Bxc7 {[%emt 0:00:15]} 46. Kg5 {[%emt 0:02:06]} Bd3 {[%emt 0:05:35]} 47. a4 {[%emt 0:00:33]} Kg7 {[%emt 0:01:08]} 48. Rc1 {[%emt 0:02:19]} h6+ {[%emt 0:01:44]} 49. Kg4 {[%emt 0:00:09]} Be2+ {[%emt 0:02:05]} 50. Kf5 {[%emt 0:00:18]} Bd3+ {[%emt 0:00:46]} 51. Ke6 {[%emt 0:00:19]} Bf4 {[%emt 0:00:33]} 52. Rc3 {[%emt 0:00:37]} Be2 {[%emt 0:01:42]} 53. Kf5 {[%emt 0:00:33]} Bh2 {[%emt 0:01:00]} 54. b6 {[%emt 0:00:58]} h5 {[%emt 0:00:57]} 55. b7 {[%emt 0:01:59]} Bg4+ {[%emt 0:02:28]} 56. Kg5 {[%emt 0:01:16]} Bd1 {[%emt 0:00:15]} 57. Rc5 {[%emt 0:03:46]} Bxa4 {[%emt 0:00:48] [#]} 58. Rc4 {[%emt 0:00:06]} Bd1 {[%emt 0:00:44]} 59. Rf4 {[%emt 0:00:09]} 1-0

[Event "WYCC 2018 O18"]
[Site "Halkidiki"]
[Date "2018.10.29"]
[Round "10"]
[White "Tifferet, Shaked"]
[Black "Veleshnja, Zino"]
[Result "1/2-1/2"]
[WhiteElo "2254"]
[BlackElo "2155"]
[Annotator "TA"]
[PlyCount "140"]
[EventDate "2018.10.20"]
[EventType "swiss"]
[EventCountry "GRE"]
[SourceTitle "playchess.com"]
[Source "ChessBase"]
[SourceQuality "1"]

{[%evp 10,140,30,33,38,34,38,41,41,37,52,35,72,59,71,71,113,115,102,54,56,57,104,106,128,99,102,96,126,123,147,144,161,91,153,158,153,82,67,50,55,50,39,58,270,21,18,-27,-32,-24,-31,-26,-21,-135,-77,-85,-87,-85,-59,-91,0,-112,0,-113,-8,-82,-5,-52,-28,-70,-60,-96,-69,-111,39,-84,-8,-8,-8,-8,-8,-52,-61,-60,-60,-52,-64,-64,-41,-41,-18,-25,-20,-52,-25,-25,-22,-56,-22,-22,-19,-162,-162,-162,-162,-162,-162,-162,-162,-162,-162,-162,-162,-162,-154,-154,-8,-8,-8,-8,-8,-8,-8,-8,-8,-8,-8,-162,-162,-293,-360,-426,-426]} 1. e4 c5 2. Nf3 d6 3. d4 cxd4 4. Nxd4 Nf6 5. f3 a6 6. c4 e5 {B55: Sicilian: 2...d6 3 d4 cxd4 4 Nxd4 Nf6 5 f3} 7. Nb3 Be7 8. Be3 Be6 {White is slightly better.} 9. Nc3 Nbd7 10. Be2 Rc8 11. Nd5 Bxd5 12. cxd5 Nc5 $146 ({Predecessor:} 12... Nh5) 13. Nxc5 dxc5 14. Qd2 O-O 15. Rc1 Bd6 16. O-O $36 {[%mdl 2048] White is really pushing.} Qe7 17. Bg5 {[%cal Be3g5,Bg5h4,Bh4f2][%mdl 32]} h6 18. Bh4 g5 19. Bf2 Nh5 20. g3 Ng7 21. Bd3 (21. g4 $1 $18) 21... b5 (21... f5 $142) 22. b3 $16 f5 23. exf5 (23. a4 $142) 23... Nxf5 24. Kg2 Qf7 25. a4 Kg7 26. axb5 Qxd5 $2 (26... axb5 $14 27. Bxb5 Nd4 28. Bxd4 cxd4) 27. Qe2 $2 ({Inferior is} 27. bxa6 Nh4+ 28. gxh4 Rxf3 $11) (27. Qd1 $18) 27... axb5 $11 28. Rfd1 {And now Bxf5 would win.} Nd4 29. Bxd4 $1 exd4 30. Bxb5 g4 {[%cal Rg4f3]} 31. Rd3 (31. Rf1 $1 $11) 31... Rf6 (31... Qb7 $142 $1 {[%cal Rb7b5]} 32. Ba4 Rf6) 32. Rf1 Rcf8 33. Bc4 Qa8 34. Rf2 Re8 (34... Qc6 $17 35. Qf1 Be5) 35. Qd2 (35. Qd1 $11) 35... Ref8 (35... Qc6 $1 $17 36. Rf1 Re5) 36. Qd1 (36. Qe2 $1 $11 {was the only way to keep the balance.}) 36... Bc7 {[#]} (36... Qc6 $1 $17 37. Qe2 Bc7 38. Qe7+ Kh8) 37. Qe2 (37. b4 $1 $11 {[%mdl 512]}) 37... Re8 (37... Qc6 $17 {Threatening ...Kh8.} 38. Rf1 Kh8) 38. Qd1 (38. Bd5 $5 {[%cal Rd5a8]} Qd8 39. Be4 $15) 38... Qb7 39. Qd2 Ref8 40. Qe2 Bd6 41. Qd1 Re8 ({Black should try} 41... Qc6 $1 $17 42. b4 cxb4 43. Rxd4 gxf3+ 44. Kh1 Bc5 45. Rg4+ Kh8) 42. b4 {[#]} (42. Kg1 $14 {keeps the upper hand.}) 42... Qxb4 ({Black should play} 42... Re3 $1 $17 {[%cal Rg4f3] Hoping for ...gxf3+.} 43. Rxe3 dxe3) 43. Bd5 Re1 44. Qc2 $1 Qb1 {( -> ...Rg1#)} 45. Qxb1 Rxb1 46. Ra2 gxf3+ 47. Rxf3 {aiming for Ra7+.} Rxf3 48. Kxf3 $15 {[%mdl 4096] Endgame KRB-KRB} Re1 49. Re2 Rf1+ 50. Ke4 Rc1 51. Rf2 Re1+ 52. Kd3 Re3+ 53. Kd2 {[#]} c4 $1 {[%mdl 512]} 54. Bxc4 Bb4+ 55. Kd1 {[#]} (55. Kc1 $1 $11) 55... d3 $1 $19 56. Bxd3 Rxd3+ {KRB-KR} 57. Ke2 Ra3 58. Kf1 Kg6 59. Rb2 Be7 60. Kg2 Bf6 61. Rc2 Rb3 62. Ra2 Rb2+ ({Better is} 62... h5 $17 {White must now prevent ...Rd3.} 63. Rd2 Rc3) 63. Rxb2 $11 Bxb2 {KB-KPP} 64. Kf3 Kf5 65. Kg2 Kg4 66. h3+ Kg5 67. Kf3 h5 {[%cal Bh6h5,Bh5h4][%mdl 32]} 68. g4 $2 (68. h4+ $11 {and White has nothing to worry.} Kf5 69. Kf2) 68... h4 $19 69. Kg2 (69. Ke3 $142) 69... Kf4 70. g5 Kxg5 {[%mdl 32768] Precision: White = 40%, Black = 32%. . An unexpected result.} 1/2-1/2